Statistiques concernant Histoire commençant par la lettre G

Cliquez ici pour prendre le quiz!

Statistiques générales

  • Ce quiz a été pris 46 261 fois
    (45 563 depuis la dernière actualisation)
  • Le résultat moyen est 13 sur 20

Statistiques - réponses

IndiceRéponse% Correct
Guide spirituel indien qui y a apporté l'indépendanceMohandas K. Gandhi
97%
On trouve le Parthénon dans ce paysGrèce
96%
Style architectural auquel appartient notamment la cathédrale Notre-Dame de ParisGothique
93%
Camp de travail forcé de l'Union SoviétiqueGoulag
90%
Région conquise par Jules CésarGaule
88%
Machine française sordide, beaucoup utilisée pendant la terreurGuillotine
84%
Blanche-Neige, Cendrillon, Raiponce, on doit de nombreux contes à ces deux frèresGrimm
82%
Révolutionnaire marxiste argentin qui portait un bérêtChe Guevara
77%
Dernier président de l'URSSMikhaïl Gorbatchev
77%
Astronome italien à qui l'on doit (entre autres) la lunette astronomiqueGalilée
75%
Calendrier utilisé depuis 1582Grégorien
72%
Inventeur du "caractère mobile d'imprimerie typographique" ou plus largement de l'imprimerieJohannes Gutenberg
67%
Premier homme a avoir effectué un vol dans l'espaceYouri Gagarine
64%
Ministre de la propagande du troisième ReichJoseph Goebbels
56%
Archipel où Darwin a recensé "ses" pinsonsGalápagos
49%
"Geheime Staatspolizei"Gestapo
47%
Treizième roman de la série des Rougon-Macquart, aussi l'un des mois du calendrier républicainGerminal
40%
Baie cubaine cédée aux États-Unis en 1903Guantánamo
37%
Ville de Pennsylvanie où s'est déroulée une des pires batailles de la Guerre de SécessionGettysburg
18%
Militaires népalais de l'armée britanniqueGurkhas
8%

Distribution des résultats

Percentile par nombre de réponses

% des personnes avec chaque résultat

Votre développement - résultats

Vous n’avez pas pris ce quiz depuis la dernière actualisation